[Event "46th Ghent Open 2025"]
[Site "Ghent BEL"]
[Date "2025.07.19"]
[Round "1.2"]
[White "Ahn, Anastasia"]
[Black "Knuedel, Torben"]
[Result "0-1"]
[BlackTitle "FM"]
[WhiteElo "1838"]
[BlackElo "2364"]
[WhiteFideId "252220"]
[BlackFideId "16208820"]
[EventDate "2025.07.19"]

1. d4 Nf6 2. Nc3 e6 3. Bf4 Bb4 4. Qd3 d5 5. a3 Be7 6. e4 O-O 7. h4 c5 8. O-O-O
cxd4 9. Qxd4 Nc6 10. Qd3 d4 11. Nce2 e5 12. Bg5 Nd7 13. Bxe7 Qxe7 14. f4 Nc5 15.
Qf3 f5 16. Nh3 fxe4 17. Qg3 d3 18. Nc3 exf4 19. Qg5 Qxg5 20. Nxg5 Bg4 21. Re1 e3
22. cxd3 Ne5 23. Kc2 Rad8 24. Be2 Ncxd3 25. Rd1 Bxe2 26. Nxe2 Nf2 27. Ne6 Rxd1
28. Rxd1 Rc8+ 0-1

[Event "46th Ghent Open 2025"]
[Site "Ghent BEL"]
[Date "2025.07.19"]
[Round "1.3"]
[White "Arman, Deniz"]
[Black "Dekker, Jos"]
[Result "1-0"]
[WhiteTitle "FM"]
[WhiteElo "2352"]
[BlackElo "1838"]
[WhiteFideId "6302106"]
[BlackFideId "1062174"]
[EventDate "2025.07.19"]

1. e4 e5 2. Nf3 Nc6 3. Bb5 f6 4. d4 exd4 5. Nxd4 Nxd4 6. Qxd4 c5 7. Qd1 a6 8.
Bc4 Ne7 9. a4 Qa5+ 10. Bd2 Qb6 11. O-O d6 12. Qe1 Qxb2 13. Nc3 Qb6 14. f4 Qd8
15. Kh1 Nc6 16. Rb1 Nd4 17. e5 dxe5 18. fxe5 Nxc2 19. Qd1 Qd4 20. exf6 Qxc4 21.
f7+ Kd8 22. Bg5+ Kc7 23. Qd8+ 1-0

[Event "46th Ghent Open 2025"]
[Site "Ghent BEL"]
[Date "2025.07.19"]
[Round "1.4"]
[White "Cummins, Finn"]
[Black "De Waele, Warre"]
[Result "0-1"]
[BlackTitle "FM"]
[WhiteElo "1837"]
[BlackElo "2344"]
[WhiteFideId "2525780"]
[BlackFideId "241156"]
[EventDate "2025.07.19"]

1. b3 e5 2. Bb2 d6 3. e3 g6 4. d4 Bg7 5. dxe5 Bxe5 6. Bxe5 dxe5 7. Qxd8+ Kxd8 8.
Nf3 f6 9. Nc3 c6 10. O-O-O+ Ke7 11. Bc4 Nh6 12. Rd2 Rd8 13. Rxd8 Kxd8 14. Ne4
Ke7 15. Rd1 Nd7 16. b4 a5 17. bxa5 Rxa5 18. Nd6 Ra8 19. h3 Nb6 20. Bb3 Nf5 21.
Ne4 Ng7 22. g4 g5 23. Nd6 h5 24. Nh2 hxg4 25. Nxg4 Nd7 26. e4 Nc5 27. f3 Bd7 28.
Rd2 Rh8 29. Nf2 Bxh3 30. Nc4 Bg2 0-1

[Event "46th Ghent Open 2025"]
[Site "Ghent BEL"]
[Date "2025.07.19"]
[Round "1.5"]
[White "Goudriaan, Etienne"]
[Black "Rabbers, Daniel"]
[Result "1-0"]
[WhiteTitle "IM"]
[WhiteElo "2322"]
[BlackElo "1837"]
[WhiteFideId "1021150"]
[BlackFideId "1059467"]
[EventDate "2025.07.19"]

1. d4 d5 2. c4 c6 3. cxd5 cxd5 4. Nc3 Nf6 5. Bf4 Nc6 6. e3 a6 7. Bd3 Bg4 8. f3
Bh5 9. Nge2 e6 10. O-O Be7 11. Qb3 Na5 12. Qc2 O-O 13. Rad1 Rc8 14. Qb1 Bg6 15.
e4 dxe4 16. fxe4 Nc6 17. Kh1 Nxd4 18. Bc2 Bc5 19. Be5 Ng4 20. Bxd4 Qh4 21. h3
Bxd4 22. Rxd4 Ne3 23. Rf3 e5 24. Rd7 Nxc2 25. Qxc2 Rc4 26. Ng3 b5 27. Qf2 f6 28.
Rxg7+ Kh8 29. Qa7 Qh6 30. Rc7 Rd4 31. Kh2 1-0

[Event "46th Ghent Open 2025"]
[Site "Ghent BEL"]
[Date "2025.07.19"]
[Round "1.6"]
[White "Van der Weijde, Andre"]
[Black "Szajbely, Zsigmond"]
[Result "0-1"]
[BlackTitle "FM"]
[WhiteElo "1835"]
[BlackElo "2298"]
[WhiteFideId "1045962"]
[BlackFideId "711691"]
[EventDate "2025.07.19"]

1. e4 Nf6 2. e5 Nd5 3. c4 Nb6 4. c5 Nd5 5. Bc4 e6 6. Bxd5 exd5 7. d4 b6 8. b4 a5
9. Bd2 axb4 10. Bxb4 Na6 11. Ba3 bxc5 12. dxc5 Nxc5 13. Qxd5 Bb7 14. Qc4 Rxa3
15. Nxa3 Bxg2 16. Nb5 Bxh1 17. f3 c6 18. Nd6+ Bxd6 19. exd6 Qg5 20. Qe2+ Ne6 21.
Nh3 Qh4+ 22. Nf2 Bg2 23. O-O-O Qf4+ 24. Kb1 Bxf3 25. Qa6 O-O 26. Nd3 Rb8+ 0-1

[Event "46th Ghent Open 2025"]
[Site "Ghent BEL"]
[Date "2025.07.19"]
[Round "1.7"]
[White "Terryn, Ezra"]
[Black "Medhvansh Madeti"]
[Result "1-0"]
[WhiteElo "2282"]
[BlackElo "1828"]
[WhiteFideId "233196"]
[BlackFideId "25938380"]
[EventDate "2025.07.19"]

1. e4 e5 2. Nf3 Nc6 3. Bc4 Bc5 4. c3 Nf6 5. d3 d6 6. Bb3 a5 7. a4 O-O 8. Nbd2
Be6 9. Bc2 d5 10. Qe2 h6 11. h3 dxe4 12. dxe4 Nd7 13. Nf1 Qe7 14. Ng3 Bb6 15.
O-O Nc5 16. Be3 Rad8 17. Rfb1 Rd6 18. b4 axb4 19. cxb4 Nd7 20. a5 Nd4 21. Nxd4
Bxd4 22. Bxd4 Rxd4 23. b5 Nc5 24. a6 Qg5 25. Qf3 Qd2 26. Rc1 Rc4 27. Nf1 Qd4 28.
Qa3 Rc3 29. Qb2 Qc4 30. Nd2 Qd4 31. Nf3 Rxf3 32. Qxd4 exd4 33. gxf3 b6 34. Rd1
Bc4 35. a7 Ra8 36. Rxd4 Bxb5 37. e5 Bc6 38. f4 Kf8 39. f5 Ke7 40. Rg4 Nd7 41. e6
fxe6 42. Rxg7+ Kd6 43. Rd1+ Ke5 44. Re1+ Kd4 45. fxe6 Nf6 46. Rg6 Ne8 47. e7 Bf3
48. Rg8 b5 49. Bg6 Bc6 50. Rd1+ Kc5 51. Rc1+ Kd6 52. Rxc6+ Kxc6 53. Be4+ 1-0

[Event "46th Ghent Open 2025"]
[Site "Ghent BEL"]
[Date "2025.07.19"]
[Round "1.8"]
[White "Baars, Tije"]
[Black "Dreelinck, Jacob"]
[Result "0-1"]
[BlackTitle "FM"]
[WhiteElo "1825"]
[BlackElo "2266"]
[WhiteFideId "40102157"]
[BlackFideId "250511"]
[EventDate "2025.07.19"]

1. d4 Nf6 2. Nc3 e6 3. Nf3 d5 4. Bg5 h6 5. Bh4 Be7 6. e3 O-O 7. Be2 c5 8. dxc5
Nbd7 9. O-O Nxc5 10. Re1 a6 11. a4 b6 12. Bf1 Bb7 13. Qd4 Ncd7 14. Rad1 Bc5 15.
Qd2 Qc8 16. Bd3 Bb4 17. Rb1 Re8 18. Rec1 Ng4 19. h3 Nge5 20. Nxe5 Nxe5 21. f4
Nc4 22. Bxc4 Qxc4 23. Qd3 Rac8 24. Qxc4 Rxc4 25. Be1 Rec8 26. Rd1 Be7 27. Rd4
Bc5 28. Rd3 Rxf4 29. Ne2 Rxa4 30. b4 Be7 31. Rdb3 Ra2 32. R3b2 Rxc2 33. Rxc2
Rxc2 34. Nd4 Rc8 0-1

[Event "46th Ghent Open 2025"]
[Site "Ghent BEL"]
[Date "2025.07.19"]
[Round "1.9"]
[White "Rechner, Klaus"]
[Black "Verbruggen, Peter"]
[Result "1-0"]
[WhiteElo "2255"]
[BlackElo "1824"]
[WhiteFideId "4615700"]
[BlackFideId "223280"]
[EventDate "2025.07.19"]

1. Nf3 d5 2. d4 Nf6 3. c4 c6 4. Qc2 g6 5. Bf4 Bg7 6. e3 Bf5 7. Qb3 Qb6 8. c5
Qxb3 9. axb3 Nbd7 10. h3 h6 11. Nc3 g5 12. Bh2 O-O 13. b4 b5 14. Ra6 Rfc8 15.
Be2 Ne4 16. O-O Nxc3 17. bxc3 Bc2 18. Rfa1 Ba4 19. Bd1 Bxd1 20. Rxd1 Nf8 21.
Rda1 Ne6 22. Kf1 f5 23. Ne5 Bxe5 24. Bxe5 Kf8 25. Ke2 Kf7 26. f3 Nd8 27. g4 e6
28. Rh1 Kg6 29. h4 Nf7 30. Bg3 Kf6 31. h5 Ke7 32. Rha1 Kf8 33. Rxa7 Rxa7 34.
Rxa7 Kg8 35. Re7 Nd8 36. Re8+ Kf7 37. Rh8 Ra8 38. Be5 Ra2+ 39. Kd3 fxg4 40. fxg4
Ke7 41. Rxh6 Nf7 42. Rg6 Rg2 43. Bf6+ Ke8 44. Rg8+ Kd7 45. h6 Nxh6 46. Rg7+ Kc8
47. Be5 Nxg4 48. Rc7+ Kd8 49. Rxc6 Nf2+ 50. Ke2 Ne4+ 51. Kf1 Rf2+ 52. Kg1 Re2
53. Rxe6 Nxc3 54. Bf6+ Kd7 55. Rd6+ Kc7 56. Bd8+ Kc8 57. Bxg5 Rb2 58. Rb6 Rxb4
59. Kg2 Rb1 60. Bf4 b4 61. c6 Kd8 62. c7+ Kd7 63. Rb8 Rb2+ 64. Kh3 1-0

[Event "46th Ghent Open 2025"]
[Site "Ghent BEL"]
[Date "2025.07.19"]
[Round "1.10"]
[White "De Baets, Christof"]
[Black "Zouaghi, Amir"]
[Result "0-1"]
[WhiteElo "1820"]
[BlackElo "2244"]
[WhiteFideId "214124"]
[BlackFideId "249262"]
[EventDate "2025.07.19"]

1. e4 c5 2. c3 g6 3. Nf3 Bg7 4. d4 cxd4 5. cxd4 d5 6. e5 Nc6 7. Be2 f6 8. Bf4
Bg4 9. Nbd2 Nh6 10. exf6 exf6 11. O-O O-O 12. h3 Bf5 13. Qb3 Na5 14. Qa4 Bd7 15.
Bb5 Bxb5 16. Qxb5 a6 17. Qd3 g5 18. Bh2 Rc8 19. Rac1 Qb6 20. Rc2 Nc6 21. a3 Rfe8
22. b4 Nf7 23. Nb3 a5 24. b5 Na7 25. a4 Rxc2 26. Qxc2 Rc8 27. Nc5 Bf8 28. Rc1
Nd6 29. Qd1 Nc4 30. Nd7 Qd8 31. Nxf8 Qxf8 32. Qd3 Nb2 33. Rxc8 Qxc8 34. Qd2 Nxa4
35. Qxa5 Qc1+ 36. Ne1 b6 37. Qb4 Nc8 38. Kf1 Nc3 39. g4 Qd2 40. Nf3 Qe2+ 41. Kg2
Nd1 42. Qe1 Qxe1 43. Nxe1 Nc3 44. f4 gxf4 45. Bxf4 Nxb5 46. Nc2 Kf7 47. Kf3 Ke6
48. Ke3 Ne7 49. Nb4 Nd6 50. Na6 Nc4+ 51. Kd3 Kd7 52. Nb4 Nd6 53. Ke3 Nf7 54. h4
Nd8 55. Kd3 Ndc6 56. Nxc6 Kxc6 57. Kc3 Nc8 58. Bh6 Nd6 59. Bg7 Ne4+ 60. Kb4 Nf2
61. g5 fxg5 62. hxg5 Ne4 63. Bh6 Nd6 64. Bf8 Nf5 65. Kc3 Kb5 66. Ba3 Ka4 67. Bf8
b5 68. Bc5 Ng3 69. Kb2 Ne4 70. Be7 b4 71. Ka2 Nd2 72. Bf8 Kb5 73. Kb2 Kc4 74.
Bg7 Nf3 75. Bf6 Nxd4 76. Be7 Nf5 77. Bf8 d4 78. Kc2 b3+ 79. Kc1 Ne3 80. Ba3 Nc2
81. Bd6 Kc3 82. Be7 Ne3 83. Bf6 Nc4 84. Kb1 Nd2+ 85. Ka1 b2+ 0-1

[Event "46th Ghent Open 2025"]
[Site "Ghent BEL"]
[Date "2025.07.19"]
[Round "1.11"]
[White "Klinova, Masha"]
[Black "Jansz, Wilfred"]
[Result "1-0"]
[WhiteTitle "IM"]
[WhiteElo "2242"]
[BlackElo "1819"]
[WhiteFideId "2802015"]
[BlackFideId "40107353"]
[EventDate "2025.07.19"]

1. e4 c5 2. Nf3 d6 3. Bb5+ Nd7 4. O-O a6 5. Bxd7+ Bxd7 6. d4 cxd4 7. Qxd4 Nf6 8.
Bg5 e6 9. c4 Be7 10. Nc3 O-O 11. Rfd1 Rc8 12. Bxf6 gxf6 13. a4 Qa5 14. b3 Rfd8
15. Qe3 f5 16. exf5 Qxf5 17. Nd5 Bf6 18. Nxf6+ Qxf6 19. Rac1 Bc6 20. Nd4 Kf8 21.
Nxc6 Rxc6 22. Rd3 Ke7 23. Rcd1 Rc7 24. Qg3 Rcd7 25. h4 Qe5 26. Qg4 Rc8 27. g3
Rc5 28. Kg2 Qf5 29. Qe2 Re5 30. Qd2 Qe4+ 31. Kg1 Qc6 32. Qh6 Qe4 33. Rd4 Qc2 34.
R4d3 Rf5 35. Qe3 Qb2 36. Qb6 Qe5 37. b4 Rf6 38. Rxd6 Rxd6 39. Qc7+ Kf8 40. Qxd6+
Qxd6 41. Rxd6 1-0

[Event "46th Ghent Open 2025"]
[Site "Ghent BEL"]
[Date "2025.07.19"]
[Round "2.1"]
[White "Thienpondt, Mardoek"]
[Black "Bekker, Stefan"]
[Result "0-1"]
[BlackTitle "FM"]
[WhiteElo "1984"]
[BlackElo "2386"]
[WhiteFideId "210480"]
[BlackFideId "1022229"]
[EventDate "2025.07.19"]

1. e4 c5 2. Nf3 d6 3. d4 cxd4 4. Nxd4 Nf6 5. Nc3 a6 6. Qf3 Nbd7 7. h3 e6 8. g4
h6 9. Be2 Qc7 10. h4 b5 11. g5 Ne5 12. Qg2 hxg5 13. hxg5 Rxh1+ 14. Qxh1 Nfd7 15.
f4 Nc6 16. Be3 Nxd4 17. Bxd4 b4 18. Nd1 Bb7 19. Nf2 e5 20. fxe5 dxe5 21. Qh2
O-O-O 22. Be3 Bc5 23. Bd2 a5 24. Qh7 Nf8 25. Qf5+ Kb8 26. Nd3 Bd6 27. O-O-O Rc8
28. Ne1 g6 29. Qf3 Ne6 30. Be3 Bc5 31. Bxc5 Qxc5 32. Qxf7 Qe3+ 33. Rd2 Nf4 34.
Kd1 Nxe2 35. Rxe2 Rd8+ 36. Nd3 Qg1+ 37. Re1 Qxg5 38. Qe6 Ka7 39. Qc4 Qe7 40. Qb5
Qc7 41. Kc1 Rc8 42. Re2 Ba6 43. Qd5 Rd8 44. Qxe5 Qxe5 45. Nxe5 Bxe2 46. Nc6+ Kb6
47. Nxd8 Bc4 0-1

[Event "46th Ghent Open 2025"]
[Site "Ghent BEL"]
[Date "2025.07.19"]
[Round "2.2"]
[White "Knuedel, Torben"]
[Black "Hertele, Stijn"]
[Result "1-0"]
[WhiteTitle "FM"]
[WhiteElo "2364"]
[BlackElo "1980"]
[WhiteFideId "16208820"]
[BlackFideId "217190"]
[EventDate "2025.07.19"]

1. e4 g6 2. d4 Bg7 3. Nc3 d6 4. Bg5 c5 5. dxc5 Qa5 6. Qd2 Qxc5 7. Nd5 Bd7 8.
O-O-O h6 9. Be3 Qc8 10. Bd4 Kf8 11. Nf3 Nc6 12. Bxg7+ Kxg7 13. h4 h5 14. Qc3+ f6
15. Bc4 Na5 16. Qxa5 Qxc4 17. b3 Qc8 18. Rd3 b6 19. Qd2 Qb7 20. Nd4 Nh6 21. Re1
e5 22. Ne2 Bb5 23. c4 Bc6 24. Nxf6 Nf7 25. Nd5 b5 26. cxb5 Bxb5 27. Rg3 Rhc8+
28. Nec3 a5 29. Qd1 a4 30. b4 Kh6 31. Qf3 Nh8 32. Qe3+ Kg7 33. Qb6 Qd7 34. Kd2
Bc4 35. Qe3 Bxd5 36. Nxd5 Qb5 37. Qd3 Rc4 38. Ke2 Rac8 39. Kf1 Nf7 40. Kg1 Qb7
41. Qf3 Kh6 42. Qf6 Nh8 43. Ne7 1-0

[Event "46th Ghent Open 2025"]
[Site "Ghent BEL"]
[Date "2025.07.19"]
[Round "2.3"]
[White "Van Hecke, Bert"]
[Black "Arman, Deniz"]
[Result "0-1"]
[BlackTitle "FM"]
[WhiteElo "1983"]
[BlackElo "2352"]
[WhiteFideId "279382"]
[BlackFideId "6302106"]
[EventDate "2025.07.19"]

1. d4 Nf6 2. c4 c5 3. d5 b5 4. cxb5 a6 5. e3 e6 6. Nc3 exd5 7. Nxd5 Be7 8. Nf3
O-O 9. Nxe7+ Qxe7 10. Be2 d5 11. O-O Rd8 12. b3 Ne4 13. Bb2 axb5 14. Bxb5 Bb7
15. Qc2 Nc6 16. a3 Rd6 17. Rfd1 Rh6 18. Rac1 Nd8 19. Bd3 Ne6 20. h3 f5 21. Bf1
Rf8 22. Ne5 g5 23. f3 Nf6 24. Bd3 f4 25. e4 g4 26. hxg4 c4 27. bxc4 Qc5+ 28. Qf2
Rh1+ 29. Kxh1 Qxf2 30. cxd5 Qxb2 31. Nc4 Qf2 32. dxe6 Nxg4 33. fxg4 f3 0-1

[Event "46th Ghent Open 2025"]
[Site "Ghent BEL"]
[Date "2025.07.19"]
[Round "2.4"]
[White "De Waele, Warre"]
[Black "De Wolf, Johan"]
[Result "1-0"]
[WhiteTitle "FM"]
[WhiteElo "2344"]
[BlackElo "1975"]
[WhiteFideId "241156"]
[BlackFideId "1004131"]
[EventDate "2025.07.19"]

1. d4 Nf6 2. c4 e6 3. Nc3 d5 4. Nf3 Be7 5. g3 O-O 6. Bg2 c6 7. O-O b6 8. Nd2 Bb7
9. e4 Nbd7 10. e5 Ne8 11. cxd5 cxd5 12. Re1 Nc7 13. Bf1 Ba6 14. Bxa6 Nxa6 15.
Nf3 Nb4 16. h4 Nc6 17. h5 f5 18. exf6 Nxf6 19. h6 g6 20. Qe2 Qd7 21. Qxe6+ Qxe6
22. Rxe6 Ng4 23. Rxc6 Rxf3 24. Nxd5 Bf8 25. Rc3 Rxf2 26. Ne3 Nxe3 27. Kxf2 Nd1+
28. Ke2 Nxc3+ 29. bxc3 Re8+ 30. Kf2 Rc8 31. Bd2 Ba3 32. Re1 Kf7 33. Ke2 Rc4 34.
Kd3 Ra4 35. Rf1+ Ke8 36. Bf4 Be7 37. Rf2 b5 38. d5 Ra6 39. Be5 Bc5 40. Rb2 Bf8
41. Rxb5 Bxh6 42. Rb8+ Kd7 43. Rb7+ 1-0

[Event "46th Ghent Open 2025"]
[Site "Ghent BEL"]
[Date "2025.07.19"]
[Round "2.5"]
[White "Te Bokkel, Gerrit Jan"]
[Black "Goudriaan, Etienne"]
[Result "1/2-1/2"]
[BlackTitle "IM"]
[WhiteElo "1973"]
[BlackElo "2322"]
[WhiteFideId "1026348"]
[BlackFideId "1021150"]
[EventDate "2025.07.19"]

1. e4 c5 2. f4 d5 3. exd5 Nf6 4. Bb5+ Nbd7 5. c4 a6 6. Bxd7+ Qxd7 7. Nf3 g6 8.
d4 cxd4 9. Qxd4 Bg7 10. Ne5 Qc7 11. O-O O-O 12. Nc3 Rd8 13. Be3 Nd7 14. Rae1
Nxe5 15. fxe5 Bxe5 16. Qh4 f6 17. Na4 b5 18. Bb6 Qd6 19. Bxd8 Qxd8 20. Nc3 Bf5
21. Rxe5 fxe5 22. cxb5 axb5 23. Qb4 Qd6 24. Qxb5 Rb8 25. Qe2 Rb4 26. Kh1 Rh4 27.
Qf2 Rf4 28. Qe2 Rh4 29. Qe3 e4 30. h3 h6 31. Kg1 Qe5 32. Qf2 Rh5 33. Qf4 Qd4+
34. Kh2 Qd3 35. h4 Rxh4+ 36. Qxh4 Qxf1 37. Qxh6 Qe1 38. Qf4 e3 39. Qc4 Kh7 40.
a4 g5 41. a5 Kg6 42. a6 g4 43. Ne2 Qh4+ 44. Kg1 Qf2+ 45. Kh2 Qh4+ 1/2-1/2

[Event "46th Ghent Open 2025"]
[Site "Ghent BEL"]
[Date "2025.07.19"]
[Round "2.6"]
[White "Szajbely, Zsigmond"]
[Black "Verhalle, Elias"]
[Result "1-0"]
[WhiteTitle "FM"]
[WhiteElo "2298"]
[BlackElo "1973"]
[WhiteFideId "711691"]
[BlackFideId "232084"]
[EventDate "2025.07.19"]

1. e4 e5 2. d4 exd4 3. Qxd4 Nc6 4. Qe3 Nf6 5. Nc3 Bb4 6. Bd2 O-O 7. O-O-O Re8 8.
Qf4 Bxc3 9. Bxc3 Rxe4 10. Qg3 d6 11. f3 Nh5 12. Qf2 Ra4 13. b3 Rf4 14. Ne2 Rf6
15. Qh4 Rh6 16. Qxd8+ Nxd8 17. g4 Rf6 18. gxh5 Rxf3 19. Rg1 Ne6 20. Bxg7 Nxg7
21. h6 1-0

[Event "46th Ghent Open 2025"]
[Site "Ghent BEL"]
[Date "2025.07.19"]
[Round "2.7"]
[White "Goudriaan, Tony"]
[Black "Terryn, Ezra"]
[Result "0-1"]
[WhiteElo "1972"]
[BlackElo "2282"]
[WhiteFideId "1025139"]
[BlackFideId "233196"]
[EventDate "2025.07.19"]

1. e4 c5 2. Nf3 e6 3. d4 cxd4 4. Nxd4 Nf6 5. Bd3 Nc6 6. Nxc6 bxc6 7. Qe2 d5 8.
O-O Be7 9. c4 O-O 10. cxd5 cxd5 11. e5 Nd7 12. Nc3 Nc5 13. Rd1 Nxd3 14. Qxd3 a5
15. Be3 Ba6 16. Qd2 Rb8 17. Rac1 Rb4 18. Bd4 Qb8 19. Rc2 Rc8 20. Nb1 h6 21.
Rxc8+ Qxc8 22. h3 Bg5 23. f4 Be7 24. Na3 Rxd4 0-1

[Event "46th Ghent Open 2025"]
[Site "Ghent BEL"]
[Date "2025.07.19"]
[Round "2.8"]
[White "Dreelinck, Jacob"]
[Black "Van Coppenolle, Lander"]
[Result "1-0"]
[WhiteTitle "FM"]
[WhiteElo "2266"]
[BlackElo "1972"]
[WhiteFideId "250511"]
[BlackFideId "261807"]
[EventDate "2025.07.19"]

1. Nf3 c5 2. e4 d6 3. d4 cxd4 4. Nxd4 Nf6 5. Nc3 a6 6. Nb3 e5 7. Bg5 Nbd7 8. a4
Be7 9. a5 h6 10. Be3 O-O 11. Be2 b5 12. axb6 Nxb6 13. O-O Qc7 14. Na5 Rd8 15.
Qd2 Be6 16. Bxb6 Qxb6 17. Nc4 Qd4 18. Qxd4 exd4 19. Nd5 Ra7 20. Nxf6+ Bxf6 21.
Bd3 d5 22. exd5 Rxd5 23. Ra4 Rc5 24. Rfa1 Rc6 25. Nd2 Bc8 26. Nb3 Rd6 27. Nc5
Rc6 28. Ne4 Be5 29. Nd2 Bf6 30. Nb3 Rd6 31. g3 g6 32. Nc5 Rc6 33. Nxa6 Bxa6 34.
Rxa6 Raxa6 35. Rxa6 Rxa6 36. Bxa6 Kf8 37. Bc4 Ke7 38. f4 g5 39. Kf2 Bg7 40. Kf3
f5 41. Bd3 Kf6 42. b4 Bf8 43. b5 Bc5 44. fxg5+ hxg5 45. h4 gxh4 46. gxh4 Bb6 47.
Bf1 Kg6 48. Bh3 Bd8 49. h5+ Kxh5 50. Bxf5 Kg5 51. Ke4 Kf6 52. Bh3 Ke7 53. Kd5
Bb6 54. Kc6 Ba7 55. b6 Bb8 56. Kb7 d3 57. cxd3 Be5 58. Kc8 Kd6 59. b7 Kd5 60.
Bf5 1-0

[Event "46th Ghent Open 2025"]
[Site "Ghent BEL"]
[Date "2025.07.19"]
[Round "2.9"]
[White "Zouaghi, Amir"]
[Black "Hol, Camile"]
[Result "1-0"]
[WhiteElo "2244"]
[BlackElo "1967"]
[WhiteFideId "249262"]
[BlackFideId "1047981"]
[EventDate "2025.07.19"]

1. e4 c5 2. c3 d5 3. exd5 Qxd5 4. d4 Nc6 5. Nf3 Bg4 6. Be2 e6 7. O-O Nf6 8. h3
Bh5 9. Be3 cxd4 10. Nxd4 Bxe2 11. Qxe2 Nxd4 12. Bxd4 Be7 13. Rd1 Qc6 14. Nd2 O-O
15. a4 Nd5 16. Nb3 b6 17. Be5 Rac8 18. Nd4 Qc4 19. Qf3 a6 20. Nf5 exf5 21. Rxd5
Qb3 22. Rd2 Rcd8 23. Qd1 Qe6 24. Bd4 Bg5 25. Re2 Qc4 26. Qc2 f4 27. b3 Qc8 28.
f3 Rd6 29. a5 b5 30. b4 Re8 31. Qf5 Bf6 32. Rae1 Rde6 33. Bxf6 gxf6 34. Rxe6
Rxe6 35. Kh2 Qxc3 36. Rxe6 fxe6 37. Qxe6+ Kg7 38. Qg4+ Kf7 39. Qxf4 Qe5 40. Qxe5
fxe5 41. g4 Ke6 42. h4 Kd5 43. h5 e4 44. fxe4+ Kxe4 45. Kg3 Ke5 46. Kh4 Kf6 47.
h6 1-0

[Event "46th Ghent Open 2025"]
[Site "Ghent BEL"]
[Date "2025.07.19"]
[Round "2.10"]
[White "Kotyk, Michael"]
[Black "Musabayeva, Diana"]
[Result "1-0"]
[WhiteTitle "CM"]
[WhiteElo "2241"]
[BlackElo "1962"]
[WhiteFideId "16214501"]
[BlackFideId "254720"]
[EventDate "2025.07.19"]

1. d4 Nf6 2. c4 e6 3. Nf3 Bb4+ 4. Nc3 O-O 5. e3 b6 6. Bd2 d5 7. Rc1 c5 8. a3
Bxc3 9. Bxc3 Ne4 10. Bd3 Nxc3 11. Rxc3 cxd4 12. Nxd4 Ba6 13. Qf3 Nd7 14. Nc6 Qf6
15. Qxf6 Nxf6 16. Ne7+ Kh8 17. cxd5 Bxd3 18. Rxd3 Rfd8 19. Ke2 exd5 20. Rhd1 g6
21. Nxd5 Rxd5 22. Rxd5 Nxd5 23. Rxd5 Kg7 24. Rd7 h5 25. e4 Kf6 26. f4 Ke6 27.
Rc7 b5 28. Rb7 a6 29. Rb6+ Ke7 30. b4 a5 31. Rxb5 axb4 32. axb4 Ra2+ 33. Kf3
Ra3+ 34. Kf2 Ra2+ 35. Kg3 h4+ 36. Kh3 Rf2 37. g3 hxg3 38. hxg3 Re2 39. e5 Rb2
40. Kg4 Rb3 41. Rb7+ Ke6 42. Rb6+ Ke7 43. b5 Kd7 44. Kh4 Rf3 45. Rb7+ Ke6 46.
Rb6+ Kd7 47. Rf6 Ke7 48. g4 Rb3 49. b6 Rb4 50. Kg5 Rb1 51. Kh6 Rg1 52. Kg7 1-0

[Event "46th Ghent Open 2025"]
[Site "Ghent BEL"]
[Date "2025.07.19"]
[Round "2.11"]
[White "Geene, Joris"]
[Black "Venkataramanan, T.S."]
[Result "0-1"]
[BlackTitle "FM"]
[WhiteElo "1968"]
[BlackElo "2220"]
[WhiteFideId "1034960"]
[BlackFideId "5001579"]
[EventDate "2025.07.19"]

1. e4 e5 2. Nf3 Nc6 3. Bb5 a6 4. Ba4 Nf6 5. O-O Be7 6. Re1 b5 7. Bb3 d6 8. c3
O-O 9. d3 Na5 10. Bc2 c5 11. Nbd2 Qc7 12. Nf1 Nc6 13. Ng3 Re8 14. Bg5 Nd8 15.
Rc1 Ne6 16. Be3 g6 17. h3 Bb7 18. d4 Rad8 19. d5 Ng7 20. b4 c4 21. a4 Ra8 22. a5
Bc8 23. Ng5 Bd7 24. Qd2 Qc8 25. Rf1 h6 26. Nf3 g5 27. h4 g4 28. Nh2 Nh7 29. Bxh6
Bxh4 30. Ne2 Nh5 31. g3 Bf6 32. Kg2 Qd8 33. f4 gxf3+ 34. Nxf3 Kh8 35. Rh1 Bg4
36. Rcf1 Rg8 37. Bd1 Rg6 38. Kf2 Qd7 39. Qe3 Rag8 40. Nh4 Rxh6 41. Qxh6 Bg5 0-1

[Event "46th Ghent Open 2025"]
[Site "Ghent BEL"]
[Date "2025.07.20"]
[Round "3.1"]
[White "Bekker, Stefan"]
[Black "Van der Linden, Hans"]
[Result "1-0"]
[WhiteTitle "FM"]
[WhiteElo "2386"]
[BlackElo "2074"]
[WhiteFideId "1022229"]
[BlackFideId "1048279"]
[EventDate "2025.07.19"]

1. Nf3 d5 2. g3 e6 3. Bg2 c5 4. O-O Nc6 5. d4 Nf6 6. c4 Be7 7. cxd5 exd5 8. Nc3
O-O 9. dxc5 Bxc5 10. a3 Ne4 11. Qc2 Nxc3 12. Qxc3 Bb6 13. b4 Bf5 14. Bb2 d4 15.
Qd2 Qd7 16. Rad1 Rad8 17. b5 Na5 18. Nxd4 Nc4 19. Qg5 Bg6 20. Ba1 Nxa3 21. e3 h6
22. Qe5 Nc4 23. Qf4 Nd6 24. Bf3 Bc7 25. Ne2 Qxb5 26. Be5 Qb6 27. Nc3 Ne8 28. Nd5
Bxe5 29. Qxe5 Rxd5 30. Qxd5 Nf6 31. Qxb7 Qe6 32. Rd4 Nh7 33. Bg2 Nf6 34. Qxa7
Rc8 35. Rfd1 Rc2 36. h3 Nh5 37. Qa8+ Kh7 38. Rd8 Bf5 39. R1d6 Rc8 40. Rxe6 Rxa8
41. Rxh6+ Kxh6 42. Rxa8 1-0

[Event "46th Ghent Open 2025"]
[Site "Ghent BEL"]
[Date "2025.07.20"]
[Round "3.2"]
[White "Kiese, Matthias"]
[Black "Knuedel, Torben"]
[Result "0-1"]
[WhiteTitle "CM"]
[BlackTitle "FM"]
[WhiteElo "2065"]
[BlackElo "2364"]
[WhiteFideId "4620860"]
[BlackFideId "16208820"]
[EventDate "2025.07.19"]

1. d4 Nf6 2. Nf3 d5 3. c4 e6 4. cxd5 exd5 5. Nc3 c6 6. Qc2 g6 7. Bg5 Be7 8. e4
dxe4 9. Bxf6 Bxf6 10. Qxe4+ Qe7 11. Bc4 O-O 12. Qxe7 Bxe7 13. O-O Nd7 14. Rfe1
Bd6 15. Ne4 Bb4 16. Re3 Nb6 17. Bb3 Bf5 18. a3 Bxe4 19. Rxe4 Bd6 20. Rae1 Rad8
21. g3 Kg7 22. Kg2 Nd7 23. R4e2 Nf6 24. h3 h6 25. Ne5 h5 26. Nc4 Ng8 27. Re4 Bc7
28. R1e2 Nf6 29. Re7 Nd5 30. R7e4 f5 31. Re6 f4 32. Nd2 fxg3 33. fxg3 h4 34.
Re7+ Nxe7 35. Rxe7+ Kh6 36. Rxc7 Rxd4 37. Nf1 hxg3 38. Rxb7 Rf2+ 39. Kxg3 Rxf1
40. h4 Rg1+ 41. Kh3 Rd3+ 42. Kh2 Rg4 0-1